Metodologický pohľad na príjmovo multiplikátorovú analýzu
Metodologické problémy modelovania multiplikátorov v input-output analýze zamerané na príjmový multiplikátor v Leontiefovom modeli. Metodologický pohľad na príjmovo multiplikátorovú analýzu v makroekonomickej teórii - príjmový multiplikátor. Príjmový multiplikátor v makroekonómii.
Gespeichert in:
| 1. Verfasser: | |
|---|---|
| Format: | Buchkapitel |
| Sprache: | Slowakisch |
| Schlagworte: | |
| Tags: |
Keine Tags, Fügen Sie das erste Tag hinzu!
|
MARC
| LEADER | 00000naa a2200000 4500 | ||
|---|---|---|---|
| 001 | 0270802 | ||
| 005 | 20240502074240.7 | ||
| 041 | 0 | |a slo | |
| 044 | |a SK | ||
| 245 | 1 | 0 | |a Metodologický pohľad na príjmovo multiplikátorovú analýzu |c Marián Goga |
| 520 | |a Metodologické problémy modelovania multiplikátorov v input-output analýze zamerané na príjmový multiplikátor v Leontiefovom modeli. Metodologický pohľad na príjmovo multiplikátorovú analýzu v makroekonomickej teórii - príjmový multiplikátor. Príjmový multiplikátor v makroekonómii. | ||
| 610 | 2 | 0 | |a multiplikátor |
| 610 | 2 | 0 | |a spotreba |
| 610 | 2 | 0 | |a produkcia |
| 610 | 2 | 0 | |a makroekonomika |
| 100 | 1 | |a Goga, Marián | |